| 000 | 00378 a2200169 4500 | ||
|---|---|---|---|
| 001 | 190148 | ||
| 020 | _a978-85-260-1528-9 | ||
| 040 | _cMagnum | ||
| 100 | _aSage, Alison | ||
| 240 | 1 | 0 |
_aA flauta, o menino e o gigante _lpor |
| 245 | 1 | 0 | _aA flauta, o menino e o gigante |
| 300 | _a29 | ||
| 362 | 0 | _a2010 | |
| 440 | 1 | _aGlobal | |
| 697 | _aLITERATURA INFANTO | ||
| 942 | _cBK | ||
| 999 |
_c190148 _d190148 |
||